| 000 | 01251cam a2200337 a 4500 | ||
|---|---|---|---|
| 001 | 13304749 | ||
| 003 | NUST | ||
| 005 | 20240327110000.0 | ||
| 008 | 030808r20011858enk 000 1 eng d | ||
| 010 | _a 2003464524 | ||
| 020 | _a0753703920 | ||
| 035 | _a(OCoLC)ocm50602763 | ||
| 040 |
_aCWJ _cCWJ _dOCLCQ _dDLC |
||
| 042 | _alccopycat | ||
| 043 | _ae-uk-en | ||
| 050 | 0 | 0 |
_aPR4662 _b.A1 2001 |
| 082 | 0 | 0 |
_a823.8 _bELI |
| 100 | 1 |
_aEliot, George, _d1819-1880. _911431 |
|
| 245 | 1 | 0 |
_aMiddlemarch ; _bSilas Marner ; Amos Barton / _cGeorge Eliot. |
| 260 |
_aLondon : _bChancellor Press ; _aNew York : _bDistributed in the United States by Sterling Pub. Co., _c2001 _g(2002 printing) |
||
| 300 |
_a851 p. ; _c22 cm. |
||
| 651 | 0 |
_aEngland _xSocial life and customs _vFiction. _911644 |
|
| 700 | 1 | 2 |
_aEliot, George, _d1819-1880. _tSilas Marner. _9122220 |
| 700 | 1 | 2 |
_aEliot, George, _d1819-1880. _tAmos Barton. _9122221 |
| 740 | 0 | 2 | _aSilas Marner. |
| 740 | 0 | 2 | _aAmos Barton. |
| 856 | 4 | 2 |
_3Publisher description _uhttp://www.loc.gov/catdir/description/ste041/2003464524.html |
| 906 |
_a7 _bcbc _ccopycat _d2 _encip _f20 _gy-gencatlg |
||
| 942 |
_2ddc _cBK |
||
| 999 |
_c174647 _d174647 |
||